000 00502nam a2200181Ia 4500
005 20250508162511.0
008 008 250505s9999 xx 000 0 eng d
037 _aTextual
040 _aFEDL
_beng
_cFEDL
041 _aeng
_2eng
084 _a820.9, OJH
_qFEDL
100 _aOjha Bhagwanjee
_9773299
245 0 _aImagery in George Eliot's novels
260 _aPatna, India
_bAnupam Publications
_c1981
300 _a234p.
942 _cTEXL
_h820.9, OJH
999 _c1376937
_d1376937